Southville International School and Colleges
Your cart is empty.
  • Cart
  • Lists
    Public lists Eva Luna New books Lux_list list_1
    Your lists Log in to create your own lists
  • Log in to your account
  • Your cookies
  • Search history
Southville International School and Colleges
  • Advanced search
  • Recent comments
  • Most popular
  • Libraries

Log in to your account

Log in with GOOGLE


If you do not have an external account, but do have a local account, you can still log in:

  1. Home
  2. MARC view: Winners never cheat :
Normal view MARC view ISBD view

Winners never cheat : (Record no. 39443)

[ view plain ]
MARC details
000 -LEADER
fixed length control field 00666nam a2200205 a 4500
005 - DATE AND TIME OF LATEST TRANSACTION
control field 20140311163018.0
008 - FIXED-LENGTH DATA ELEMENTS--GENERAL INFORMATION
fixed length control field 070629s19uu xx 00 eng d
020 ## - INTERNATIONAL STANDARD BOOK NUMBER
International Standard Book Number 0131863665
050 ## - LIBRARY OF CONGRESS CALL NUMBER
Classification number HF 5387
Item number .H863 2005
100 ## - MAIN ENTRY--PERSONAL NAME
Personal name Huntsman, Jon M.
245 ## - TITLE STATEMENT
Title Winners never cheat :
Remainder of title everyday values we learned as children (but may have forgotten) /
Statement of responsibility, etc Jon M. Huntsman
260 ## - PUBLICATION, DISTRIBUTION, ETC. (IMPRINT)
Place of publication, distribution, etc New Jersey :
Name of publisher, distributor, etc Wharton School Publishing,
Date of publication, distribution, etc 2005.
300 ## - PHYSICAL DESCRIPTION
Extent 185 p. :
Dimensions 19 cm.
521 ## - TARGET AUDIENCE NOTE
Target audience note
650 ## - SUBJECT ADDED ENTRY--TOPICAL TERM
Topical term or geographic name as entry element Business ethics.
650 ## - SUBJECT ADDED ENTRY--TOPICAL TERM
Topical term or geographic name as entry element Success in business
General subdivision Moral and ethical aspects.
650 ## - SUBJECT ADDED ENTRY--TOPICAL TERM
Topical term or geographic name as entry element Executives
General subdivision Conduct of life.
942 ## - ADDED ENTRY ELEMENTS (KOHA)
Koha item type Books
Source of classification or shelving scheme Library of Congress Classification
Call number prefix Foreign
Holdings
Withdrawn status Lost status Source of classification or shelving scheme Damaged status Home library Current library Shelving location Date acquired Source of acquisition Total Checkouts Total Renewals Full call number Barcode Date last seen Date checked out Copy number Price effective from Koha item type
    Library of Congress Classification   College Library College Library General Circulation Section 06/29/2007   2 19 HF 5387 .H863 2005 C8425 05/02/2022 03/18/2022 1 10/10/2013 Books

Winners never cheat :

APA

Huntsman J. M., . (2005). Winners never cheat. New Jersey: Wharton School Publishing.

Chicago

Huntsman Jon M, . 2005. Winners never cheat. New Jersey: Wharton School Publishing.

Harvard

Huntsman J. M., . (2005). Winners never cheat. New Jersey: Wharton School Publishing.

MLA

Huntsman Jon M, . Winners never cheat. New Jersey: Wharton School Publishing. 2005.

  • Place hold
  • Print
  • Cite
  • Add to your cart (remove)
  • Save record
    BIBTEX Dublin Core MARCXML MARC (non-Unicode/MARC-8) MARC (Unicode/UTF-8) MARC (Unicode/UTF-8, Standard) MODS (XML) RIS
  • More searches
    Search for this title in:
    Other Libraries (WorldCat) Other Databases (Google Scholar) Online Stores (Bookfinder.com) Open Library (openlibrary.org)

Exporting to Dublin Core...

SOUTHVILLE LIBRARY

Southville International School and Colleges Library

1281 Tropical Ave. Cor. Luxembourg St., BF Homes International, Las Pinas City

Tel. No. 8256374 / 252358 Loc. 117/146

Powered by Koha